Australian Sign Language -AUSLAN-: an introduction to sign language linguistics

Salvato in:
Dettagli Bibliografici
Autori principali: Johnston, Trevor (Autore), Schembri, Adam (Autore)
Natura: Libro
Lingua:inglese
Pubblicazione: Cambridge Cambridge University Press 2007
Edizione:1a. ed
Soggetti:
Tags: Aggiungi Tag
Nessun Tag, puoi essere il primo ad aggiungerne!!

MARC

LEADER 00000cam a2200000 a 4500
001 UCC7350
003 CL-VaPUC
008 190322e20070000uk |||||||||||||||||eng|d
020 |a 9780521540568 
082 0 4 |a 419.0994  |b JOH  |2 21 
100 0 |a Johnston, Trevor  |e author  |9 601925 
700 0 |a Schembri, Adam  |e author  |9 601926 
245 1 0 |a Australian Sign Language -AUSLAN-: an introduction to sign language linguistics 
250 |a 1a. ed 
300 |a 323 p 
942 |c BK 
945 |d 20190322 14:57:00  |a dcastane 
260 |a Cambridge  |b Cambridge University Press  |c 2007 
650 0 |a Lenguaje de señas   |9 467152 
651 0 |a Australia  |9 262077 
583 |a last modification  |c 20190322 14:57:00  |k Rodrigo Vera 
999 |c 374020  |d 374018 
952 |0 0  |1 0  |3 erb  |4 0  |6 419_099400000000000_JOH_2007  |7 0  |8 A  |9 492369  |a BIBEDU  |b BIBEDU  |i 553769K  |o 419.0994 JOH 2007  |p 553769K  |r 2019-11-24  |w 2019-11-24  |y BK  |z Catalogado en:20190322  |k LIT